Le Don paisible / (Record no. 616748)
[ view plain ]
| 000 -LEADER | |
|---|---|
| fixed length control field | 00340nam a22001337a 4500 |
| 020 ## - INTERNATIONAL STANDARD BOOK NUMBER | |
| Qualifying information | PB. |
| 040 ## - CATALOGING SOURCE | |
| Transcribing agency | FIZZA ISHAQ |
| 082 ## - DEWEY DECIMAL CLASSIFICATION NUMBER | |
| Classification number | 891.7 |
| Author Mark | CHO |
| 100 ## - MAIN ENTRY--PERSONAL NAME | |
| Personal name | Cholokhov, Mikhail. |
| 9 (RLIN) | 133788 |
| 245 ## - TITLE STATEMENT | |
| Title | Le Don paisible / |
| Statement of responsibility, etc. | Mikhail Cholokhov. |
| 260 ## - PUBLICATION, DISTRIBUTION, ETC. | |
| Place of publication, distribution, etc. | France: |
| Name of publisher, distributor, etc. | Julliard, |
| Date of publication, distribution, etc. | 1959. |
| 300 ## - PHYSICAL DESCRIPTION | |
| Extent | 329 P. ; |
| Dimensions | 7.5 X 5.5 inches |
| 942 ## - ADDED ENTRY ELEMENTS (KOHA) | |
| Source of classification or shelving scheme | |
| Koha item type | Book |
| Withdrawn status | Lost status | Source of classification or shelving scheme | Damaged status | Not for loan | Permanent Location | Current Location | Shelving location | Date acquired | Total Checkouts | Full call number | Barcode | Date last seen | Price effective from | Koha item type |
|---|---|---|---|---|---|---|---|---|---|---|---|---|---|---|
| NUST Baluchistan Campus (NBC) | NUST Baluchistan Campus (NBC) | General Stacks | 03/31/2026 | 891.7 CHO | QD-759 | 03/31/2026 | 03/31/2026 | Book |
